[Event "DVM U16 2013"]
[Site "Lingen (Ems) GER"]
[Date "2013.12.29"]
[Round "6"]
[White "Rösl, Martin"]
[Black "Mönius, Alexander"]
[Result "0-1"]
[Termination "normal"]
[Board "5.3"]
[WhiteElo "1536"]
[BlackElo "1727"]
[WhiteTeam "SC Bavaria Regensburg"]
[BlackTeam "SC Höchstadt"]
[WhiteFideId "12983098"]
[BlackFideId "12949795"]
[EventCountry "GER"]
[EventRounds "7"]
[EventType "team-swiss"]
[EventDate "2013.12.26"]

1. e4 {[%emt 0:00:00]} c6 2. d4 d5 3. Nc3 dxe4 4. Nxe4 Bf5 5. Ng3 Bg6 6. Bc4
Nf6 7. N1e2 Nbd7 8. Nf4 e6 9. Nxg6 hxg6 10. O-O Bd6 11. Re1 O-O 12. c3 Nb6 13.
Bb3 Qc7 14. c4 c5 15. dxc5 Bxc5 16. Ne4 Be7 17. Qc2 Rac8 18. Nxf6+ Bxf6 19. Re4
Nd7 20. Bf4 Qa5 21. Rc1 Qf5 22. Bg3 Nc5 23. Re2 Nd3 24. Rb1 Rfd8 25. h3 b5 26.
Rd2 Rd4 27. Qd1 bxc4 28. Bc2 Rcd8 29. Kh1 Qa5 30. Bxd3 Rxd3 31. Rxd3 Rxd3 32.
Qc1 Qxa2 0-1

[Event "DVM U16 2013"]
[Site "Lingen (Ems) GER"]
[Date "2013.12.29"]
[Round "6"]
[White "Mönius, Oliver"]
[Black "Brüll, Elias"]
[Result "1-0"]
[Termination "normal"]
[Board "5.4"]
[WhiteElo "1400"]
[BlackElo "1542"]
[WhiteTeam "SC Höchstadt"]
[BlackTeam "SC Bavaria Regensburg"]
[WhiteFideId "12949906"]
[BlackFideId "12964921"]
[EventCountry "GER"]
[EventRounds "7"]
[EventType "team-swiss"]
[EventDate "2013.12.26"]

1. d4 Nf6 2. c4 g6 3. Nc3 d5 4. Bf4 a6 5. e3 e6 6. Nf3 Bg7 7. Be2 O-O 8. O-O
dxc4 9. Bxc4 b5 10. Be2 Bb7 11. Rc1 Nbd7 12. a4 c6 13. Ne5 Nxe5 14. Bxe5 Rc8
15. Bf3 Qe7 16. Qb3 Rfd8 17. Rc2 c5 18. Bxb7 Qxb7 19. axb5 cxd4 20. Bxd4 axb5
21. Rfc1 Ne8 22. Qxb5 Qxb5 23. Nxb5 Rxc2 24. Rxc2 Bxd4 25. exd4 e5 26. g3 exd4
27. Rd2 d3 28. f3 Rb8 29. Nc3 Nc7 30. Nd1 Rb3 31. Nf2 Ne6 32. Nxd3 Nd4 33. Kg2
Nc2 34. Kf2 Kg7 35. Rxc2 Rxd3 36. Ke2 Rb3 37. Kf2 f5 38. Kg2 Kh6 39. f4 Kh5 40.
Kh3 h6 41. Rc5 g5 42. Rxf5 Rxb2 43. fxg5 hxg5 44. g4+ Kg6 45. Kg3 Rb3+ 46. Rf3
Rxf3+ 47. Kxf3 Kf6 48. Ke4 Ke6 49. h3 Kf6 50. Kd5 Kf7 51. Ke5 Kg6 52. Ke6 Kg7
53. Kf5 Kh6 54. Kf6 1-0

[Event "DVM U16 2013"]
[Site "Lingen (Ems) GER"]
[Date "2013.12.29"]
[Round "6"]
[White "Pixa, Richard"]
[Black "Imcke, Patrick"]
[Result "1/2-1/2"]
[Termination "normal"]
[Board "6.1"]
[WhiteElo "1958"]
[BlackElo "2014"]
[WhiteTeam "Treptower SV 1949"]
[BlackTeam "SF Katernberg"]
[WhiteFideId "4626095"]
[BlackFideId "4622502"]
[EventCountry "GER"]
[EventRounds "7"]
[EventType "team-swiss"]
[EventDate "2013.12.26"]

1. d4 Nf6 2. c4 g6 3. f3 e5 4. d5 Bg7 5. Nc3 d6 6. e4 Nh5 7. Be3 f5 8. Qd2 O-O
9. O-O-O f4 10. Bf2 Bd7 11. Kb1 a6 12. g3 fxg3 13. hxg3 Qe8 14. Qe2 c5 15. Bh3
b5 16. Bxd7 Qxd7 17. cxb5 axb5 18. Qxb5 Qa7 19. Qe2 Nd7 20. Nh3 h6 21. Qd3 Rfb8
22. Ng1 Rb4 23. Rd2 Nb6 24. Nge2 Nc4 25. Rc2 Rab8 26. Nd1 Na3+ 27. Ka1 Nxc2+
28. Qxc2 Qa6 29. Nec3 Rf8 30. g4 Nf4 31. Be3 g5 32. Rh2 Qf1 33. Rf2 Qh1 34. Ne2
Nh3 35. Ng3 Qg1 36. Rg2 Rc4 37. Qe2 Nf4 38. Rxg1 Nxe2 39. Nxe2 Rxf3 40. Nec3
Rb4 41. Kb1 Kf7 42. a3 Rb8 43. Kc2 Kg6 44. Ne2 Rf7 45. Ng3 Rfb7 46. Nf5 Bf8 47.
Bc1 Rh7 48. Ng3 Rhb7 49. Nc3 Ra7 50. Kd3 Rab7 51. Rg2 Rf7 52. Kc4 Rfb7 53. Rf2
Be7 54. Nf5 Bf8 55. Rh2 1/2-1/2

[Event "DVM U16 2013"]
[Site "Lingen (Ems) GER"]
[Date "2013.12.29"]
[Round "6"]
[White "Schimnatkowski, Lukas"]
[Black "Klodt, Daniel"]
[Result "1/2-1/2"]
[Termination "normal"]
[Board "6.2"]
[WhiteElo "1739"]
[BlackElo "1631"]
[WhiteTeam "SF Katernberg"]
[BlackTeam "Treptower SV 1949"]
[WhiteFideId "12936723"]
[BlackFideId "12938068"]
[EventCountry "GER"]
[EventRounds "7"]
[EventType "team-swiss"]
[EventDate "2013.12.26"]

1. e4 e6 2. d4 d5 3. Nc3 Bb4 4. e5 c5 5. Bd2 Bxc3 6. bxc3 Ne7 7. Nf3 Nbc6 8.
Bd3 O-O 9. O-O f5 10. Re1 c4 11. Bf1 h6 12. h4 Qe8 13. Bc1 Kh7 14. g3 Rg8 15.
Qd2 Nd8 16. Bg2 Bd7 17. Ba3 Bc6 18. Rab1 Nc8 19. Qe3 a6 20. Nd2 b5 21. Ra1 Nb6
22. Nf1 Qf7 23. Nh2 Na4 24. Rf1 Ra7 25. f3 Qg6 26. f4 h5 27. Nf3 Nf7 28. Ng5+
Nxg5 29. hxg5 Qe8 30. Kf2 g6 31. Bd6 Rb7 32. Bf3 Rh8 33. Rh1 Kg8 34. Rh2 Rbh7
35. Rah1 Qf7 36. Ke2 Be8 37. Kd2 Qd7 1/2-1/2

[Event "DVM U16 2013"]
[Site "Lingen (Ems) GER"]
[Date "2013.12.29"]
[Round "6"]
[White "Hesse, Henrik"]
[Black "Kennemann, Henrik Jan"]
[Result "1-0"]
[Termination "normal"]
[Board "6.3"]
[WhiteElo "1701"]
[BlackElo "1637"]
[WhiteTeam "Treptower SV 1949"]
[BlackTeam "SF Katernberg"]
[WhiteFideId "12952060"]
[BlackFideId "1271856"]
[EventCountry "GER"]
[EventRounds "7"]
[EventType "team-swiss"]
[EventDate "2013.12.26"]

1. c4 Nf6 2. Nc3 g6 3. Nf3 Bg7 4. g3 O-O 5. Bg2 d6 6. O-O c5 7. e3 Nbd7 8. d4
Rb8 9. Qe2 a6 10. a4 b6 11. d5 Ng4 12. e4 Nde5 13. Ne1 f5 14. f3 Nf6 15. f4 Nf7
16. e5 dxe5 17. fxe5 Ng4 18. e6 Nd6 19. Nf3 Qc7 20. h3 Nf6 21. Bf4 Nh5 22. Be5
f4 23. Bxf4 Nxf4 24. gxf4 Rxf4 25. Ne5 Rf5 26. Rxf5 Nxf5 27. Nc6 Ra8 28. Rd1
Bb7 29. d6 Nxd6 30. Nd5 1-0

[Event "DVM U16 2013"]
[Site "Lingen (Ems) GER"]
[Date "2013.12.29"]
[Round "6"]
[White "Döpper, Anna Berenice"]
[Black "Klodt, Nicolas"]
[Result "1/2-1/2"]
[Termination "normal"]
[Board "6.4"]
[WhiteElo "1510"]
[BlackElo "1616"]
[WhiteTeam "SF Katernberg"]
[BlackTeam "Treptower SV 1949"]
[WhiteFideId "1271853"]
[BlackFideId "12910490"]
[EventCountry "GER"]
[EventRounds "7"]
[EventType "team-swiss"]
[EventDate "2013.12.26"]

1. e4 e5 2. d4 exd4 3. Nf3 Nc6 4. Bc4 Nf6 5. e5 d5 6. Bb5 Ne4 7. Nxd4 Bd7 8.
Bxc6 bxc6 9. O-O Bc5 10. Be3 Qe7 11. f3 Ng5 12. f4 Ne4 13. c3 Rb8 14. Qe2 O-O
15. Nb3 Bb6 16. N1d2 f5 17. Nxe4 fxe4 18. Qd2 Bc8 19. Nd4 Bb7 20. a3 c5 21. Nc2
c6 22. b4 Ba6 23. Rf2 Bd3 24. Rc1 Rfd8 25. bxc5 Bxc5 26. Nb4 Bxb4 27. axb4 Rb5
28. Ra1 Ra8 29. Bc5 Qe8 30. Qe3 a5 31. Rfa2 Qd8 32. Qh3 Qe8 33. Qg3 Bc4 34. Ra3
Qf7 35. Qg4 Qe8 36. Qg3 Qf7 37. Qf2 Qf5 38. Bd6 Qc8 39. Bc5 Qf5 40. h3 h6 41.
g4 Qe6 42. Bd4 a4 43. Rxa4 Rxa4 44. Rxa4 Rb8 45. Ra7 Qg6 46. f5 Qg5 47. Be3 Qd8
48. e6 Ra8 49. Qf4 Rxa7 50. Bxa7 Qh4 51. Bf2 Qxh3 52. Bg3 e3 53. e7 Kf7 54.
e8=Q+ Kxe8 55. Qe5+ Kf8 56. Qd6+ 1/2-1/2

[Event "DVM U16 2013"]
[Site "Lingen (Ems) GER"]
[Date "2013.12.29"]
[Round "6"]
[White "Herbrig, Alexander"]
[Black "Eichstaedt, Mirko"]
[Result "1/2-1/2"]
[Termination "normal"]
[Board "7.1"]
[WhiteElo "1885"]
[BlackElo "1939"]
[WhiteTeam "SC Einheit Bautzen"]
[BlackTeam "USV Potsdam"]
[WhiteFideId "12952044"]
[BlackFideId "24692310"]
[EventCountry "GER"]
[EventRounds "7"]
[EventType "team-swiss"]
[EventDate "2013.12.26"]

1. e4 e5 2. Nf3 Nc6 3. Bb5 a6 4. Ba4 Nf6 5. O-O b5 6. Bb3 Be7 7. Re1 O-O 8. c3
d6 9. h3 Re8 10. d4 Bf8 11. d5 Na5 12. Bc2 Bb7 13. Nbd2 c6 14. b4 Nc4 15. Nxc4
bxc4 16. Ba4 Rc8 17. dxc6 Bxc6 18. Bxc6 Rxc6 19. Bg5 Be7 20. Bxf6 Bxf6 21. Qd5
Qb6 22. a4 Rcc8 23. Red1 Red8 24. Ra2 g6 25. Rb1 Qc6 26. Rd1 Qb6 27. Rb2 Kg7
28. Rdb1 Rd7 29. a5 Qb5 30. Qxb5 axb5 31. Rd1 d5 32. Rxd5 Rxd5 33. exd5 e4 34.
Nd4 Bxd4 35. cxd4 Kf6 1/2-1/2

[Event "DVM U16 2013"]
[Site "Lingen (Ems) GER"]
[Date "2013.12.29"]
[Round "6"]
[White "Cech, Tim"]
[Black "Herbrig, Marie-Helen"]
[Result "1-0"]
[Termination "normal"]
[Board "7.2"]
[WhiteElo "1805"]
[BlackElo "1720"]
[WhiteTeam "USV Potsdam"]
[BlackTeam "SC Einheit Bautzen"]
[WhiteFideId "1270258"]
[BlackFideId "12900427"]
[EventCountry "GER"]
[EventRounds "7"]
[EventType "team-swiss"]
[EventDate "2013.12.26"]

1. d4 Nf6 2. Nf3 e6 3. e3 c5 4. Nbd2 d5 5. b3 Be7 6. Bb2 O-O 7. Bd3 Nc6 8. O-O
b6 9. c4 Ba6 10. Rc1 Rc8 11. Ne5 Nxe5 12. dxe5 Nd7 13. f4 g6 14. Nf3 Bb7 15.
Qe1 f6 16. Qg3 Qe8 17. f5 exf5 18. Bxf5 dxc4 19. Rxc4 Kh8 20. Bb1 Bd5 21. Rcc1
Be6 22. exf6 Bxf6 23. Ne5 Nxe5 24. Bxe5 Bxe5 25. Rxf8+ Qxf8 26. Qxe5+ Qg7 27.
Qxe6 Rf8 28. Rd1 Qb2 29. h3 b5 30. Be4 Qf2+ 31. Kh1 Qb2 32. Qe7 Rg8 33. Rd7 Qg7
34. Rxa7 c4 35. Qxg7+ Rxg7 36. Rxg7 Kxg7 37. bxc4 bxc4 38. Bc2 1-0

[Event "DVM U16 2013"]
[Site "Lingen (Ems) GER"]
[Date "2013.12.29"]
[Round "6"]
[White "Izhboldin, Andrey"]
[Black "Werthmann, Nils"]
[Result "0-1"]
[Termination "normal"]
[Board "7.3"]
[WhiteElo "1533"]
[BlackElo "1765"]
[WhiteTeam "SC Einheit Bautzen"]
[BlackTeam "USV Potsdam"]
[WhiteFideId "12983136"]
[BlackFideId "1270257"]
[EventCountry "GER"]
[EventRounds "7"]
[EventType "team-swiss"]
[EventDate "2013.12.26"]

1. d4 Nf6 2. c4 c5 3. d5 b5 4. cxb5 a6 5. Nc3 d6 6. e4 g6 7. f4 Nbd7 8. Nf3 Qc7
9. Be3 Bg7 10. Be2 Ng4 11. Bd2 O-O 12. h3 Ngf6 13. O-O axb5 14. Nxb5 Qb8 15.
Qc2 Ba6 16. a4 Ne8 17. Bc3 Ndf6 18. Rad1 Nc7 19. Nxc7 Qxc7 20. Bxa6 Rxa6 21. e5
Nh5 22. exd6 exd6 23. Bxg7 Kxg7 24. Ng5 Qa5 25. b3 Ng3 26. Rfe1 Qb4 27. Ne4 Nf5
28. Qc3+ Qxc3 29. Nxc3 Nd4 30. Rxd4 cxd4 31. Nb5 Rc8 32. Rd1 Rc2 33. Rxd4 Rb2
34. Rd3 Kf6 35. Nd4 Ra5 36. Nc6 Rc5 37. b4 Rcc2 38. Rg3 Ra2 39. a5 Rcb2 40. Kh2
Kf5 41. b5 Kxf4 42. Rg4+ Ke3 43. b6 f5 44. Rc4 f4 45. Nd8 Rxg2+ 46. Kh1 Rgb2
47. Rc1 f3 48. Kg1 Rg2+ 49. Kf1 Raf2+ 0-1

[Event "DVM U16 2013"]
[Site "Lingen (Ems) GER"]
[Date "2013.12.29"]
[Round "6"]
[White "Ender, Paul Marius"]
[Black "Arnhold, Steffi"]
[Result "1-0"]
[Termination "normal"]
[Board "7.4"]
[WhiteElo "1565"]
[BlackElo "1422"]
[WhiteTeam "USV Potsdam"]
[BlackTeam "SC Einheit Bautzen"]
[WhiteFideId "12936545"]
[BlackFideId "12931365"]
[EventCountry "GER"]
[EventRounds "7"]
[EventType "team-swiss"]
[EventDate "2013.12.26"]

1. e4 c5 2. Nc3 Nc6 3. f4 g6 4. Nf3 Bg7 5. d3 e6 6. Be3 d6 7. Qd2 Nge7 8. g4 f5
9. g5 Nd4 10. Bg2 Nec6 11. O-O-O Rb8 12. Ne2 Nxf3 13. Bxf3 Qb6 14. c3 Qa6 15.
Kb1 b5 16. d4 b4 17. dxc5 bxc3 18. Nxc3 Qa5 19. Rc1 Nb4 20. a3 Nc6 21. exf5 Nd8
22. f6 Bf8 23. cxd6 Qxa3 24. Ne4 Qa6 25. Nc5 Qb5 26. d7+ Bxd7 27. Qxd7+ Qxd7
28. Nxd7 Kxd7 29. Bxa7 Rb4 30. Rhd1+ Ke8 31. Rc8 1-0

[Event "DVM U16 2013"]
[Site "Lingen (Ems) GER"]
[Date "2013.12.29"]
[Round "6"]
[White "Fortenbacher, Florian"]
[Black "Grimm, Julius"]
[Result "0-1"]
[Termination "normal"]
[Board "8.1"]
[WhiteElo "1745"]
[BlackElo "1944"]
[WhiteTeam "Gütersloher SV"]
[BlackTeam "Schachforum Darmstadt"]
[WhiteFideId "12979317"]
[BlackFideId "12916986"]
[EventCountry "GER"]
[EventRounds "7"]
[EventType "team-swiss"]
[EventDate "2013.12.26"]

1. e4 c5 2. Nc3 d6 3. Nf3 Nf6 4. d4 cxd4 5. Nxd4 a6 6. Bg5 Nbd7 7. Bc4 e6 8.
O-O b5 9. Bb3 Nc5 10. f3 Be7 11. Nc6 Qb6 12. Nxe7 Nxb3+ 13. Kh1 Nxa1 14. Nxc8
Rxc8 15. Qxa1 b4 0-1

[Event "DVM U16 2013"]
[Site "Lingen (Ems) GER"]
[Date "2013.12.29"]
[Round "6"]
[White "Nothnagel, Marian Can"]
[Black "Wulfhorst, Noah"]
[Result "1-0"]
[Termination "normal"]
[Board "8.2"]
[WhiteElo "1779"]
[BlackElo "1654"]
[WhiteTeam "Schachforum Darmstadt"]
[BlackTeam "Gütersloher SV"]
[WhiteFideId "12921530"]
[BlackFideId "12964956"]
[EventCountry "GER"]
[EventRounds "7"]
[EventType "team-swiss"]
[EventDate "2013.12.26"]

1. e4 c5 2. Nf3 Nc6 3. c4 d6 4. Nc3 Bg4 5. Be2 g6 6. d4 Bxf3 7. Bxf3 Nxd4 8.
Be3 Bg7 9. Rc1 Rc8 10. Be2 e6 11. Bxd4 cxd4 12. Nb5 Qa5+ 13. Kf1 Qb6 14. Qa4
Kf8 15. Qb4 Rc6 16. Qd2 Rc8 17. a4 e5 18. a5 Qd8 19. Qb4 Rc5 20. Nxa7 Qxa5 21.
Qxb7 Qd8 22. Nc6 Qe8 23. Ra1 1-0

[Event "DVM U16 2013"]
[Site "Lingen (Ems) GER"]
[Date "2013.12.29"]
[Round "6"]
[White "Kandler, Pascal"]
[Black "Tampe, Alexander"]
[Result "1-0"]
[Termination "normal"]
[Board "8.3"]
[WhiteElo "1539"]
[BlackElo "1712"]
[WhiteTeam "Gütersloher SV"]
[BlackTeam "Schachforum Darmstadt"]
[WhiteFideId "12964964"]
[BlackFideId "12921572"]
[EventCountry "GER"]
[EventRounds "7"]
[EventType "team-swiss"]
[EventDate "2013.12.26"]

1. e4 e5 2. Nf3 Nc6 3. d4 exd4 4. Nxd4 Bc5 5. Be3 Qf6 6. c3 Nge7 7. Bc4 d6 8.
O-O Ne5 9. Be2 N7c6 10. f4 Bxd4 11. cxd4 Nd7 12. Nc3 O-O 13. Rf3 Nb6 14. Rg3
Ne7 15. f5 h6 16. Qd2 Kh8 17. Rf1 Bd7 18. d5 c5 19. Rh3 Kg8 20. Rff3 Kh7 21.
Kh1 Rh8 22. Rfg3 Rag8 23. Bg5 Nxf5 24. Bxf6 Nxg3+ 25. Rxg3 gxf6 26. Qf4 Rxg3
27. Qxg3 Nc8 28. Qf4 Kg7 29. Nd1 Re8 30. Ne3 a6 31. Bg4 Bxg4 32. Nxg4 f5 33.
Qxh6+ Kg8 34. Nf6# 1-0

[Event "DVM U16 2013"]
[Site "Lingen (Ems) GER"]
[Date "2013.12.29"]
[Round "6"]
[White "Uellner, Ferdinand"]
[Black "Pfaffenrot, Daniel"]
[Result "0-1"]
[Termination "normal"]
[Board "8.4"]
[WhiteElo "1246"]
[BlackElo "1563"]
[WhiteTeam "Schachforum Darmstadt"]
[BlackTeam "Gütersloher SV"]
[WhiteFideId "12983101"]
[BlackFideId "12964972"]
[EventCountry "GER"]
[EventRounds "7"]
[EventType "team-swiss"]
[EventDate "2013.12.26"]

1. e4 e5 2. Nf3 Nc6 3. Bc4 Bc5 4. c3 Nf6 5. d3 d6 6. O-O O-O 7. b4 Bb6 8. a4 a5
9. b5 Ne7 10. Be3 Bxe3 11. fxe3 Ng6 12. Nbd2 d5 13. exd5 Nxd5 14. Bxd5 Qxd5 15.
Nc4 f5 16. Ng5 h6 17. e4 Qc5+ 18. Kh1 hxg5 19. Qb3 Kh8 20. Rad1 Be6 21. exf5
Rxf5 22. Rxf5 Bxf5 23. Nd2 Bxd3 24. Nf3 Be2 25. Nxg5 Bxd1 26. Nf7+ Kg8 27. Ng5+
Bxb3 0-1

[Event "DVM U16 2013"]
[Site "Lingen (Ems) GER"]
[Date "2013.12.29"]
[Round "6"]
[White "Zolfagharian, Kevin"]
[Black "Werner, Justus"]
[Result "1-0"]
[Termination "normal"]
[Board "9.1"]
[WhiteElo "2036"]
[BlackElo "1794"]
[WhiteTeam "SG Solingen"]
[BlackTeam "SG Blau-Weiß Stadtilm"]
[WhiteFideId "12933570"]
[BlackFideId "12941107"]
[EventCountry "GER"]
[EventRounds "7"]
[EventType "team-swiss"]
[EventDate "2013.12.26"]

1. e4 c5 2. Nf3 d6 3. d4 cxd4 4. Nxd4 Nf6 5. Nc3 a6 6. Bg5 e6 7. Qe2 Qb6 8.
O-O-O Nc6 9. Nb3 Bd7 10. f4 h5 11. h3 Qc7 12. g3 O-O-O 13. Bg2 Be7 14. Rhe1 Kb8
15. Kb1 Na5 16. e5 dxe5 17. fxe5 Ng8 18. Nxa5 Qxa5 19. Be3 Bb4 20. Qf2 Bxc3 21.
bxc3 Qb5+ 22. Ka1 Nh6 23. Rb1 Qa5 24. Ba7+ Kc8 1-0

[Event "DVM U16 2013"]
[Site "Lingen (Ems) GER"]
[Date "2013.12.29"]
[Round "6"]
[White "Schmidt, Daniel"]
[Black "Nguyen, Gia Huy Philipp"]
[Result "1/2-1/2"]
[Termination "normal"]
[Board "9.2"]
[WhiteElo "1816"]
[BlackElo "1563"]
[WhiteTeam "SG Blau-Weiß Stadtilm"]
[BlackTeam "SG Solingen"]
[WhiteFideId "12957950"]
[BlackFideId "12933597"]
[EventCountry "GER"]
[EventRounds "7"]
[EventType "team-swiss"]
[EventDate "2013.12.26"]

1. c4 Nf6 2. Nc3 g6 3. d4 Bg7 4. Nf3 O-O 5. g3 d6 6. Bg2 Nc6 7. d5 Na5 8. Nd2
c5 9. O-O Rb8 10. a3 a6 11. b4 Nxd5 12. Nxd5 Bxa1 13. bxa5 Be6 14. Nb6 Bc3 15.
Qa4 f5 16. Nb1 Bg7 17. Qc2 Bd7 18. Bb2 Bc6 19. Bxg7 Kxg7 20. Nd2 e6 21. Qc3+
Kg8 22. Rd1 Qe7 23. e4 fxe4 24. Nxe4 Rbd8 25. Qe3 Rf5 26. f4 d5 27. g4 d4 28.
Qg3 Rff8 29. g5 Bxe4 30. Bxe4 Rf7 31. h4 1/2-1/2

[Event "DVM U16 2013"]
[Site "Lingen (Ems) GER"]
[Date "2013.12.29"]
[Round "6"]
[White "Nink, Niklas"]
[Black "Mann, Jonas"]
[Result "1/2-1/2"]
[Termination "normal"]
[Board "9.3"]
[WhiteElo "1493"]
[BlackElo "1771"]
[WhiteTeam "SG Solingen"]
[BlackTeam "SG Blau-Weiß Stadtilm"]
[WhiteFideId "12944610"]
[BlackFideId "12900214"]
[EventCountry "GER"]
[EventRounds "7"]
[EventType "team-swiss"]
[EventDate "2013.12.26"]

1. e4 c5 2. Nf3 d6 3. d4 cxd4 4. Nxd4 Nf6 5. Nc3 a6 6. Bg5 e6 7. f4 Qb6 8. Qd3
Be7 9. e5 dxe5 10. fxe5 Ng4 11. Bxe7 Kxe7 12. O-O-O Rd8 13. Ne4 Nxe5 14. Qe3
Ke8 15. Qg5 Ng6 16. Nb3 Rxd1+ 17. Kxd1 Bd7 18. Qc5 Qc6 19. Nd6+ Kf8 20. Nxb7+
Qxc5 21. N7xc5 Ke7 22. Nxd7 Nxd7 23. Bd3 Nde5 24. Be4 Rd8+ 25. Kc1 Nc4 26. Bd3
Nge5 27. Rd1 Ne3 28. Rd2 1/2-1/2

[Event "DVM U16 2013"]
[Site "Lingen (Ems) GER"]
[Date "2013.12.29"]
[Round "6"]
[White "Dittrich, Tom"]
[Black "Barche, Robert"]
[Result "0-1"]
[Termination "normal"]
[Board "9.4"]
[WhiteElo "1666"]
[BlackElo "1308"]
[WhiteTeam "SG Blau-Weiß Stadtilm"]
[BlackTeam "SG Solingen"]
[WhiteFideId "12923532"]
[BlackFideId "12944572"]
[EventCountry "GER"]
[EventRounds "7"]
[EventType "team-swiss"]
[EventDate "2013.12.26"]

1. e4 e6 2. d4 d5 3. exd5 exd5 4. Bd3 Nc6 5. c3 Bd6 6. Ne2 Nge7 7. O-O O-O 8.
Bf4 Bf5 9. Na3 a6 10. Nc2 Re8 11. Ne3 Be4 12. Qc2 Ng6 13. Bxd6 Qxd6 14. Bxe4
Rxe4 15. Ng3 Re6 16. Nef5 Qd7 17. Rae1 Rae8 18. Qd2 Nce7 19. Rxe6 Qxe6 20. Re1
Qd7 21. Qe3 Kf8 22. Qd2 Nxf5 23. Rxe8+ Kxe8 0-1

[Event "DVM U16 2013"]
[Site "Lingen (Ems) GER"]
[Date "2013.12.29"]
[Round "6"]
[White "Wunder, Anton"]
[Black "Walter, Kevin"]
[Result "1/2-1/2"]
[Termination "normal"]
[Board "10.1"]
[WhiteElo "1751"]
[BlackElo "1976"]
[WhiteTeam "Heilbronner SV"]
[BlackTeam "SK Sontheim/Brenz"]
[WhiteFideId "12964352"]
[BlackFideId "12906654"]
[EventCountry "GER"]
[EventRounds "7"]
[EventType "team-swiss"]
[EventDate "2013.12.26"]

1. d4 Nf6 2. c4 c5 3. d5 e6 4. Nc3 exd5 5. cxd5 d6 6. Bg5 Be7 7. Nf3 O-O 8. g3
h6 9. Bxf6 Bxf6 10. Bg2 Re8 11. O-O a6 12. a4 Nd7 13. Qc2 Qc7 14. Rfe1 Rb8 15.
a5 b6 16. axb6 Nxb6 17. Ne4 Bxb2 18. Nxd6 Qxd6 19. Qxb2 Qxd5 20. Rad1 Qe6 21.
Qc2 Nd7 22. Nd2 Bb7 23. Bxb7 Rxb7 24. Nc4 Reb8 25. Rd6 Qe7 26. Rxa6 Rb5 27. Ra7
R5b7 28. Rea1 Nf6 29. Rxb7 Qxb7 30. Ne3 Qb2 31. Ra8 Qb5 32. Rxb8+ Qxb8 33. Qxc5
Qb1+ 34. Kg2 Qe4+ 35. Kg1 Qb1+ 36. Kg2 Qe4+ 37. f3 Qe6 38. Qd4 Nd7 39. Qe4 Qxe4
40. fxe4 f6 41. Nf5 Kf7 42. h3 Ne5 43. g4 Nc6 44. Kf2 Ne5 45. Ke3 Ng6 46. Kf3
Ne5+ 47. Ke3 Ng6 48. Kf3 Ne5+ 49. Kf2 Ng6 50. Ke3 Kg8 51. Kf3 1/2-1/2

[Event "DVM U16 2013"]
[Site "Lingen (Ems) GER"]
[Date "2013.12.29"]
[Round "6"]
[White "Romes, Max"]
[Black "Wasielewski, Kim-Luca"]
[Result "1-0"]
[Termination "normal"]
[Board "10.2"]
[WhiteElo "1922"]
[BlackElo "1555"]
[WhiteTeam "SK Sontheim/Brenz"]
[BlackTeam "Heilbronner SV"]
[WhiteFideId "12928968"]
[BlackFideId "12979503"]
[EventCountry "GER"]
[EventRounds "7"]
[EventType "team-swiss"]
[EventDate "2013.12.26"]

1. e4 d5 2. exd5 Nf6 3. d4 Nxd5 4. c4 Nb6 5. Nc3 c6 6. Bf4 Bf5 7. d5 e6 8. d6
N8d7 9. Qd4 h6 10. Nf3 f6 11. Bd3 Bxd3 12. Qxd3 Kf7 13. O-O g5 14. Bg3 Bg7 15.
Rfe1 f5 16. Be5 Bxe5 17. Nxe5+ Nxe5 18. Rxe5 Nd7 19. Re2 Qf6 20. Na4 Rac8 21.
Kf1 Rb8 22. Qe3 Ra8 23. Nc5 Nxc5 24. Qxc5 Kg6 25. d7 Rh7 26. Qd6 Kf7 27. Qe5
Qxe5 28. Rxe5 Rd8 29. Rxe6 Kf8 30. Rd1 Rhxd7 31. Rxd7 Rxd7 32. Rxh6 Re7 33. Rd6
Re6 34. Rd2 Ke7 35. Kg1 1-0

[Event "DVM U16 2013"]
[Site "Lingen (Ems) GER"]
[Date "2013.12.29"]
[Round "6"]
[White "Gündisch, Stefan"]
[Black "Walter, Daniel"]
[Result "1/2-1/2"]
[Termination "normal"]
[Board "10.3"]
[WhiteElo "1301"]
[BlackElo "1271"]
[WhiteTeam "Heilbronner SV"]
[BlackTeam "SK Sontheim/Brenz"]
[WhiteFideId "12983144"]
[BlackFideId "12983110"]
[EventCountry "GER"]
[EventRounds "7"]
[EventType "team-swiss"]
[EventDate "2013.12.26"]

1. e4 Nf6 2. e5 Nd5 3. c4 Nb6 4. d4 d6 5. exd6 exd6 6. Nc3 Nc6 7. b3 g6 8. Nf3
Bg7 9. Be3 O-O 10. Be2 Re8 11. O-O Bd7 12. Rc1 Ne7 13. Re1 a6 14. Qd2 Nf5 15.
Bd3 Nxe3 16. Rxe3 Bg4 17. Rxe8+ Qxe8 18. Re1 Qd7 19. Qf4 Bxf3 20. gxf3 c5 21.
Be4 Bxd4 22. Nd5 Nxd5 23. Bxd5 Be5 24. Qh4 Kg7 25. Kg2 Re8 26. Qe4 f5 27. Qe3
Re7 28. Qd2 b6 29. h4 h5 30. a3 Bf6 31. Rb1 Bxh4 32. b4 Qd8 33. b5 a5 34. a4
Re8 35. Rd1 Qg5+ 36. Qxg5 Bxg5 37. Bc6 Rd8 38. Re1 Rf8 39. Re6 Rd8 40. f4 Bf6
41. Kf3 Bh4 42. Kg2 Bf6 43. Kf3 h4 44. Kg2 g5 45. fxg5 Bxg5 46. Kh3 Bf4 47. Bd5
Rb8 48. Kg2 Be5 49. Kh3 1/2-1/2

[Event "DVM U16 2013"]
[Site "Lingen (Ems) GER"]
[Date "2013.12.29"]
[Round "6"]
[White "Walliser, Pascal"]
[Black "Dudt, Jonas"]
[Result "1/2-1/2"]
[Termination "normal"]
[Board "10.4"]
[WhiteElo "1450"]
[BlackElo "1001"]
[WhiteTeam "SK Sontheim/Brenz"]
[BlackTeam "Heilbronner SV"]
[WhiteFideId "12983128"]
[BlackFideId "12983152"]
[EventCountry "GER"]
[EventRounds "7"]
[EventType "team-swiss"]
[EventDate "2013.12.26"]

1. e4 c5 2. Nf3 Nc6 3. d4 cxd4 4. Bc4 d6 5. O-O g6 6. Nxd4 Bg7 7. Be3 Bd7 8.
Nc3 Nf6 9. Qe2 O-O 10. f4 Qc7 11. Nxc6 Bxc6 12. Bd5 a6 13. Qf3 Rab8 14. Bxc6
bxc6 15. b3 e6 16. Rad1 Rfd8 17. h3 h5 18. f5 exf5 19. exf5 Qa5 20. Bg5 gxf5
21. Qxf5 Qxc3 22. Bxf6 Bxf6 23. Qxf6 Qxf6 24. Rxf6 Kf8 25. Rfxd6 Ke7 26. Rxd8
Rxd8 27. Re1+ Kf6 28. Re2 Rd5 29. c4 Re5 30. Rd2 Ke6 31. g3 a5 32. Kg2 f6 33.
Kf3 1/2-1/2

[Event "DVM U16 2013"]
[Site "Lingen (Ems) GER"]
[Date "2013.12.30"]
[Round "7"]
[White "Xu, Xianliang"]
[Black "Peczely, Sebastian Zsombor"]
[Result "1-0"]
[Termination "normal"]
[Board "1.1"]
[WhiteElo "2084"]
[BlackElo "2183"]
[WhiteTeam "SG Porz"]
[BlackTeam "Schachgemeinschaft Leipzig"]
[WhiteFideId "4603230"]
[BlackFideId "750964"]
[EventCountry "GER"]
[EventRounds "7"]
[EventType "team-swiss"]
[EventDate "2013.12.26"]

1. e4 e6 2. Nf3 c5 3. c3 d5 4. exd5 Qxd5 5. d4 Nc6 6. Be3 Nf6 7. Na3 cxd4 8.
Nb5 Qd8 9. Nbxd4 Nxd4 10. Bxd4 Be7 11. Bd3 h6 12. O-O O-O 13. Qe2 Nd5 14. Rad1
Bd6 15. Bb1 Qc7 16. c4 Nf4 17. Qc2 Ng6 18. Nh4 e5 19. Be3 Bg4 20. Nxg6 fxg6 21.
Qxg6 Bxd1 22. Qh7+ Kf7 23. Rxd1 Rad8 24. Bxh6 Rg8 25. Qf5+ Ke8 26. Qe6+ Kf8 27.
Bg6 Rh8 28. Rxd6 Rxd6 29. Qe8# 1-0